000 00629nam a2200253Ia 4500
005 20260121114259.0
008 008 260114s9999 xx 000 0 eng d
020 _a9780891181873
037 _aEBOOK
040 _aCRL
040 _beng
040 _cCRL
041 _2eng
041 _aeng
084 _qCRL
100 _aHari Krishnan
_9973055
245 0 _aModification of Seed Composition to Promote Health and Nutrition
260 _bWiley
260 _c2020
856 _uhttps://onlinelibrary.wiley.com/doi/book/10.2134/agronmonogr51
942 _cEBOOK
999 _c1552309
_d1552309